Dorset Cities Sudden Death - Statistics

General Stats
  • This quiz has been taken 58 times
  • The average score is 9 of 17
Answers on the Grid
Answers color-coded by a green-red scale on the quiz's grid according to % correct below.
Axminster
Barton on Sea
Blandford Forum
Bournemouth
Bridport
Chard
Christchurch
Corfe Mullen
Cowes
Crewkerne
Dorchester
Ferndown
Fortuneswell
Gillingham
Lyme Regis
Lymington
Lyndhurst
Poole
Puddletown
Salisbury
Seaton
Shaftesbury
Sherborne
Southampton
Swanage
Wantage
West Lulworth
Weymouth
Wincanton
Yeovil
 
Answer Stats
Answer % Correct
Bournemouth
82%
Bridport
71%
Dorchester
64%
Lyme Regis
61%
Poole
61%
Christchurch
57%
Corfe Mullen
57%
Weymouth
57%
Blandford Forum
54%
Swanage
50%
Ferndown
43%
West Lulworth
43%
Puddletown
36%
Gillingham
32%
Sherborne
32%
Shaftesbury
29%
Fortuneswell
25%
No matching quizzes found
Score Distribution
Percent of People with Each Score
Percentile by Number Answered
Your Score History
You have not taken this quiz